DOCTOR'S POCKETCOMPANION (Record no. 216961)

MARC details
000 -LEADER
fixed length control field 00543nam a22001817a 4500
008 - FIXED-LENGTH DATA ELEMENTS--GENERAL INFORMATION
fixed length control field 260415b |||||||| |||| 00| 0 eng d
050 ## - LIBRARY OF CONGRESS CALL NUMBER
Classification number R 121.S27 2019
Item number 1
100 ## - MAIN ENTRY--PERSONAL NAME
Personal name SASIDHARAN,PK
245 ## - TITLE STATEMENT
Title DOCTOR'S POCKETCOMPANION
Remainder of title [Acompanion book for all doctors]
250 ## - EDITION STATEMENT
Edition statement second edition
260 ## - PUBLICATION, DISTRIBUTION, ETC.
Place of publication, distribution, etc. LONDON
Name of publisher, distributor, etc. JAYPEE BROTHERS MEDICAL
Date of publication, distribution, etc. 2019
300 ## - PHYSICAL DESCRIPTION
Extent XXV, 1383, ILL
500 ## - GENERAL NOTE
General note INCLUIDES INDEX
650 ## - SUBJECT ADDED ENTRY
Topical term or geographic name entry element [Acompanionn book book for all Doctors]
700 ## - ADDED ENTRY--PERSONAL NAME
Personal name RAJAGOPAL, VINEETH
942 ## - ADDED ENTRY ELEMENTS (KOHA)
Source of classification or shelving scheme Library of Congress Classification
Koha item type Long Loan Book
Holdings
Withdrawn status Lost status Source of classification or shelving scheme Damaged status Not for loan Collection Home library Current library Shelving location Date acquired Inventory number Total checkouts Full call number Barcode Date last seen Copy number Price effective from Koha item type
    Library of Congress Classification     Medicine Kisii University Library Kisii University Library On Display 04/15/2026 112948   R 121.S27 2019 A001654 04/15/2026 C.1 04/15/2026 Long Loan Book
    Library of Congress Classification     Medicine Kisii University Library Kisii University Library On Display 04/15/2026 112949   R 121.S27 2019 A001653 04/15/2026 C.2 04/15/2026 Long Loan Book
    Library of Congress Classification     Medicine Kisii University Library Kisii University Library On Display 04/15/2026 112950   R 121.S27 2019 A001655 04/15/2026 C.3 04/15/2026 Long Loan Book
    Library of Congress Classification     Medicine Kisii University Library Kisii University Library On Display 04/15/2026 112951   R 121.S27 2019 A001656 04/15/2026 C.4 04/15/2026 Long Loan Book